Every Oscar Best Picture-Nominated Movie with a LEGO Set by Picture - Statistics

General Stats
  • This quiz has been taken 31 times
  • The average score is 16 of 18
Answer Stats
Picture Hint Answer % Correct
1997 Titanic
100%
2009 Up
100%
2009 Avatar
93%
2025 F1
93%
1981 Raiders of the Lost Ark
93%
1977 Star Wars
93%
2010 Toy Story 3
93%
2024 Wicked
93%
2018 Black Panther
89%
1982 E.T. the Extra-Terrestrial
89%
1975 Jaws
89%
2022 Avatar: The Way of Water
86%
1991 Beauty and the Beast
86%
2003 The Lord of the Rings: The Return of the King
86%
1939 The Wizard of Oz
86%
2001 The Lord of the Rings: The Fellowship of the Ring
82%
2021 Dune
79%
2002 The Lord of the Rings: The Two Towers
79%
No matching quizzes found
Score Distribution
Percent of People with Each Score
Percentile by Number Answered
Your Score History
You have not taken this quiz